Statistics for Least Densiest Countries(Per Square km)

Click here to take the quiz!

General Stats

  • This quiz has been taken 16 times
  • The average score is 5 of 10

Answer Stats

DensityCountry% Correct
2.110Mongolia
100%
3.319Australia
87%
3.086Namibia
73%
3.905Libya
60%
3.404Iceland
53%
0.286Falkland Islands(Argentina)
47%
0.138Greenland(Denmark)
47%
3.760Suriname
40%
2.246Western Sahara(Morocco)
20%
3.634French Guiana (France)
13%

Score Distribution

Percentile by Number Answered

Percent of People with Each Score

Your Score History

You have not taken this quiz